[Event "Manavgat Turkey Cup"]
[Site "Manavgat"]
[Date "2016.01.30"]
[Round "1"]
[White "Turkkan, Kerem"]
[Black "Ozsarilar, Osman Nuri"]
[Result "0-1"]
[WhiteElo "1382"]
[BlackElo "1864"]
[PlyCount "96"]
[EventDate "2016.01.30"]
[EventType "swiss"]
[EventRounds "11"]
[EventCountry "TUR"]
[SourceTitle "CBM 170 Extra"]
[Source "ChessBase"]
[SourceDate "2016.02.25"]
[SourceVersion "1"]
[SourceVersionDate "2016.02.25"]
[SourceQuality "1"]

1. e4 c5 2. Nf3 d6 3. Nc3 Nf6 4. Bc4 e6 5. d3 a6 6. a4 Be7 7. e5 dxe5 8. Nxe5 Qc7 9. Ng4 Nbd7 10. Qf3 Nxg4 11. Qxg4 Nf6 12. Qg3 Qxg3 13. hxg3 Bd7 14. Bg5 Bc6 15. 0-0 h6 16. Bxf6 gxf6 17. Ne2 h5 18. f3 h4 19. gxh4 Rxh4 20. g3 Rh7 21. Kf2 Rh2+ 22. Ke3 f5 23. Rh1 Bg5+ 24. Nf4 Rxh1 25. Rxh1 Ke7 26. Kf2 Bxf4 27. gxf4 Bxa4 28. Bb3 Bxb3 29. cxb3 Rd8 30. Ke3 Rd4 31. Rc1 Kd6 32. Rc4 Kd5 33. Ra4 Rxa4 34. bxa4 c4 35. a5 f6 36. d4 e5 37. dxe5 fxe5 38. fxe5 Kxe5 39. Ke2 Kd4 40. Kf2 Kd3 41. Kg3 Ke3 42. f4 Ke4 43. Kf2 Kxf4 44. Ke2 Ke4 45. Kd2 f4 46. Kc3 f3 47. Kxc4 f2 48. Kc5 f1Q 0-1